[Event "FRA-ch U16 Girls"]
[Site "Agen"]
[Date "2022.04.23"]
[Round "8"]
[White "Micheli, Elora"]
[Black "Yaghi, Leen"]
[Result "1-0"]
[WhiteElo "1547"]
[BlackElo "1642"]
[PlyCount "68"]
[EventDate "2022.04.16"]
[EventType "swiss"]
[EventRounds "9"]
[EventCountry "FRA"]
[SourceTitle "EXT 2023"]
[Source "ChessBase"]
[SourceDate "2022.10.05"]
[SourceVersion "1"]
[SourceVersionDate "2022.10.05"]
[SourceQuality "1"]

1. d4 d5 2. c4 e6 3. Nf3 c6 4. e3 Nf6 5. Bd3 Nbd7 6. Nbd2 dxc4 7. Nxc4 c5 8. e4 cxd4 9. e5 Nd5 10. Nxd4 Bb4+ 11. Bd2 Nc5 12. Nd6+ Kf8 13. Bc4 Qg5 14. Nxc8 Qxe5+ 15. Ne2 Rxc8 16. 0-0 Bxd2 17. Qxd2 Ne4 18. Qd3 Nef6 19. h3 Nf4 20. Nxf4 Qxf4 21. Qa3+ Kg8 22. b3 h5 23. Rad1 a6 24. g3 Qf3 25. Rd3 Qf5 26. Kg2 Rh6 27. Rfd1 Qe4+ 28. Kg1 g5 29. Rd8+ Rxd8 30. Rxd8+ Ne8 31. Rxe8+ Kg7 32. Qf8+ Kf6 33. Rxe6+ Qxe6 34. Bxe6 Kxe6 1-0

[Event "FRA-ch U16 Girls"]
[Site "Agen"]
[Date "2022.04.19"]
[Round "4"]
[White "Le Coz, Marie Sarah"]
[Black "Yaghi, Leen"]
[Result "0-1"]
[WhiteElo "1526"]
[BlackElo "1642"]
[PlyCount "60"]
[EventDate "2022.04.16"]
[EventType "swiss"]
[EventRounds "9"]
[EventCountry "FRA"]
[SourceTitle "EXT 2023"]
[Source "ChessBase"]
[SourceDate "2022.10.05"]
[SourceVersion "1"]
[SourceVersionDate "2022.10.05"]
[SourceQuality "1"]

1. d4 d5 2. Nf3 Nf6 3. g3 Bf5 4. Bg2 e6 5. 0-0 Be7 6. c4 c6 7. Nc3 0-0 8. b3 h6 9. Bb2 Bh7 10. Nd2 Bb4 11. a3 Bxc3 12. Bxc3 Nbd7 13. Bb4 Re8 14. Bd6 e5 15. dxe5 Nxe5 16. c5 Qd7 17. Rc1 Bf5 18. b4 Bh3 19. Qc2 Qg4 20. Qc3 d4 21. Qb2 Bxg2 22. Kxg2 Nd5 23. Kh1 Nc3 24. f3 Qe6 25. Rfe1 Rad8 26. e3 Nd3 27. Qc2 Nxc1 28. Qxc1 dxe3 29. Qxc3 exd2 30. Rg1 Qe1 0-1